Central Library OPAC University of Rajshahi

Banking theory and practice : (Record no. 19009)

MARC details
000 -LEADER
fixed length control field 00662nam a22002297a 4500
001 - CONTROL NUMBER
control field 19009
003 - CONTROL NUMBER IDENTIFIER
rucl marc code BD-RjUL
005 - DATE AND TIME OF LATEST TRANSACTION
control field 20211209000354.0
008 - FIXED-LENGTH DATA ELEMENTS--GENERAL INFORMATION
fixed length control field 140223s1985 ii ||||| |||| 001 0 eng d
020 ## - INTERNATIONAL STANDARD BOOK NUMBER
International Standard Book Number 0706928628
035 ## - SYSTEM CONTROL NUMBER
System control number (BD-RjUL)19067
040 ## - CATALOGING SOURCE
Original cataloging agency BD-RjUL
Language of cataloging eng
Transcribing agency BD-RjUL
Modifying agency BD-RjUL
041 ## - LANGUAGE CODE
Language code of text/sound track or separate title eng
082 04 - DEWEY DECIMAL CLASSIFICATION NUMBER
Classification number 332.0954
Author mark and year SHB 1985
100 1# - MAIN ENTRY--PERSONAL NAME
Personal name Shekhar, K C
9 (RLIN) 31141
245 11 - TITLE STATEMENT
Title Banking theory and practice :
Remainder of title law and foreign exchange /
Statement of responsibility, etc. by K C Shekhar
260 ## - PUBLICATION, DISTRIBUTION, ETC. (IMPRINT)
Place of publication, distribution, etc. New Delhi :
Name of publisher, distributor, etc. Vikas Pub. House,
Date of publication, distribution, etc. 1985
300 ## - PHYSICAL DESCRIPTION
Pagination xvii, 802 p. ;
Size 22 cm.
504 ## - BIBLIOGRAPHY, ETC. NOTE
Bibliography, etc Include index
650 #0 - SUBJECT ADDED ENTRY--TOPICAL TERM
Topical term or geographic name as entry element Banks and banking
Geographic subdivision India.
9 (RLIN) 9960
942 ## - ADDED ENTRY ELEMENTS (KOHA)
Source of classification or shelving scheme Dewey Decimal Classification
Koha item type Books
Holdings
Lost status Source of classification or shelving scheme Damaged status Not for loan Collection code Permanent Location Current Location Shelving location Date acquired Source of acquisition Cost, normal purchase price Total Checkouts Full call number Date last seen Copy number Koha item type
  Dewey Decimal Classification     Non-fiction Central Library, University of Rajshahi Central Library, University of Rajshahi   04/12/1986 Tulip 20.00   332.0954 SHB 1985 23/02/2014 C-3 Books
  Dewey Decimal Classification     Non-fiction Central Library, University of Rajshahi Central Library, University of Rajshahi Electronic Books 04/12/1986 Tulip 20.00   332.0954 SHB 1985 25/06/2016 C-2 Books